000 00922nam a2200301 c 4500
003 BLK
005 20190913121243.0
008 180911b bul|||||r ||||||| ||bul||
010 _a003214
040 _aBLK
041 _aDEU
080 _z830(081)830-2
100 1 _aGRABBE, Christ.
_eпърви автор
245 0 0 _aSamtliche Werke
_nBd. 2
246 _aErste Ges.-Ausg.
_pдрама-сборници
250 _a6. Aufl
260 _aLeipzig
_bPhilipp Reclam
_c1912 -
_g1912
300 _a448 с
_c16 см
380 _a82
490 _aЧастна колекция - Академик Михаил Арнаудов
_gДарение - Основен фонд
653 _9
_aдрама
653 _9
_aсборници
655 _aнемска литература
700 1 _aChrist Dietr. Grabbe
700 1 _a Hrsg. Rudolf Gottschall
852 _aМА 1015
942 _cKNG
_n0
944 _aCR
_c1996
_kValK
999 _c343553
_d343553